000 00595cam a22002053a 4500
001 39708
003 PGUSA
005 20140828083901.0
008 120516s2012||||xxu|||||s|||||000 | eng d
040 _aPGUSA
_beng
042 _adc
100 1 _aDargan, Olive Tilford,
_d1869-1968
245 1 4 _aThe Mortal Gods and Other Plays
_h[electronic resource] /
_cOlive Tilford Dargan
260 _bProject Gutenberg,
_c2012
506 _aPublic domain in the USA.
516 _aElectronic text
830 0 _aProject Gutenberg
_v39708
856 4 0 _uhttp://www.gutenberg.org/ebooks/39708
942 _cEB
999 _c268961
_d268961